|
|
|
|
| LEADER |
01117nam a2200301 u 4500 |
| 001 |
10020429 |
| 003 |
upatras |
| 005 |
20210117205431.0 |
| 008 |
990203s1995 us eng |
| 020 |
|
|
|a 0873714393
|
| 040 |
|
|
|a GR-PaULI
|c GR-PaULI
|
| 041 |
0 |
|
|a eng
|
| 082 |
0 |
4 |
|a 363.738 4
|
| 245 |
1 |
0 |
|a Pesticide risk in groundwater
|c edited by Marco Vighi and Enzo Funari
|
| 260 |
|
|
|a Boca Raton
|b CRC Press
|c 1995
|
| 300 |
|
|
|a 275 p.
|b tab.
|c 26 cm
|
| 504 |
|
|
|a Includes references and index
|
| 650 |
|
4 |
|a Μόλυνση υδάτων
|9 1658
|
| 650 |
|
4 |
|a Ελεγχος υδάτων
|9 399
|
| 650 |
|
4 |
|a Γεωχημεία
|9 757
|
| 650 |
|
4 |
|a Φυτοφάρμακα
|x Ρύπανση
|9 144506
|
| 700 |
1 |
|
|a Vighi, Marco
|4 ilu
|9 144507
|
| 700 |
1 |
|
|a Funari, Enzo
|4 ilu
|9 144508
|
| 852 |
|
|
|a GR-PaULI
|b ΠΑΤΡΑ
|b ΒΚΠ
|b ΒΣ1
|k ΑΣΧΞ
|h 363.738 4 V
|m 39873
|p 025000000682
|t 1
|
| 942 |
|
|
|2 ddc
|c BK15
|
| 952 |
|
|
|0 0
|1 0
|4 0
|6 363_738000000000000_4_V
|7 0
|9 179530
|a LISP
|b LISP
|c BSC
|d 2016-04-24
|i 39873
|l 0
|o 363.738 4 V
|p 025000000682
|r 2016-04-24 00:00:00
|t 1
|w 2016-04-24
|y BK15
|
| 998 |
|
|
|c ΜΑΝΙΑΚΗ
|d 1999-02
|
| 999 |
|
|
|c 111227
|d 111227
|